书目信息 |
| 题名: |
围棋入门
|
|
| 作者: | ;棋牌图书编委会 主编 | |
| 分册: | ||
| 出版信息: | 长春 吉林科学技术出版社 2017.08 |
|
| 页数: | 215页 | |
| 开本: | 24cm | |
| 丛书名: | ||
| 单 册: | ||
| 中图分类: | G891.3 | |
| 科图分类: | ||
| 主题词: | 围棋--wei qi--基本知识 | |
| 电子资源: | ||
| ISBN: | 978-7-5578-2792-2 | |
| 000 | 00924nam0 2200253 450 | |
| 001 | CAL 0120172289511 | |
| 005 | 20171211153645.84 | |
| 010 | @a978-7-5578-2792-2@b@dCNY25.00 | |
| 100 | @a20170918d2017 em y0chiy50 ea | |
| 101 | 0 | @achi |
| 102 | @aCN@b220000 | |
| 105 | @aa z 000yy | |
| 106 | @ar | |
| 200 | 1 | @a围棋入门@Awei qi ru men@f棋牌图书编委会主编@g |
| 205 | @a修订本 | |
| 210 | @a长春@c吉林科学技术出版社@d2017.08 | |
| 215 | @a215页@c图@d24cm | |
| 330 | @a本书从围棋基础知识入手, 对围棋的各个阶段和各个方面进行分门别类的深入探讨, 并以精选范例为“活教材”, 将围棋的布局、定式、攻防急所、死活、打劫、收官, 以及如何培养大局观等进行了全面的讲解。低起点, 严要求, 层级跨度大, 技术含量高。 | |
| 606 | 0 | @a围棋@Awei qi@x基本知识 |
| 690 | @aG891.3@v5 | |
| 711 | 02 | @a棋牌图书编委会@Aqi pai tu shu bian wei hui@4主编 |
| 801 | 0 | @aCN@b人天书店@c20170918@g |
| 905 | @aBZT@dG891.3@e11 | |
| 906 | @dCNY25.00@n3@r1 | |
| 围棋入门/棋牌图书编委会主编.-修订本.-长春:吉林科学技术出版社,2017.08 |
| 215页:图;24cm |
| ISBN 978-7-5578-2792-2:CNY25.00 |
| 本书从围棋基础知识入手, 对围棋的各个阶段和各个方面进行分门别类的深入探讨, 并以精选范例为“活教材”, 将围棋的布局、定式、攻防急所、死活、打劫、收官, 以及如何培养大局观等进行了全面的讲解。低起点, 严要求, 层级跨度大, 技术含量高。 |
| ● |
| 相关链接 |
|
|
|
正题名:围棋入门
索取号:G891.3/11
 
预约/预借
| 序号 | 登录号 | 条形码 | 馆藏地/架位号 | 状态 | 备注 |
| 1 | 839870 | 2000839870 | 第二书库/ [索取号:G891.3/11] | 在馆 | |
| 2 | 839871 | 2000839871 | 第二书库/ [索取号:G891.3/11] | 在馆 | |
| 3 | 839872 | 2000839872 | 第二书库/ [索取号:G891.3/11] | 在馆 |